00893nam a2200193Ia 4500008004100000020001800041050002000059100002800079240006600107245012200173260005400295300001800349490003100367500007400398500009200472505005600564650003900620650004000659120626s1974 mx 000 0 spa d a9789681662356 aE99.Y32b C368  aCastneda, Carloseautor aThe teachings of Don Juan. A Yaqui way ofknowledgelespañol aLas enseñanzas de Don Juan b: Una forma Yaqui de conocimiento c/ Carlos, Castaneda; traducción de Juan, Tovar  aMéxico b: Fondo de Cultura Económicac, 1974 a362 páginas aColección Popularv: 126 aTítulo original: The teachings of Don Juan. A Yaqui way ofknowledge aIncluye: Indice, Prólogo, Reconocimientos, Introducción, Apéndice A, Apéndice B aI. Las enseñanzas II. Un análisis estructural  0aYAQUIS xRELIGIÓN Y MITOLOGÍA  0a DROGAS, ALUCINOGENOS Y EXPERIENCIA